| 000 | 00696nam a2200217 i 4500 | ||
|---|---|---|---|
| 001 | 103767 | ||
| 003 | ES-MaACL | ||
| 005 | 20250815034614.0 | ||
| 007 | t| | ||
| 008 | 051117s1974 sp ||||1| spa d | ||
| 100 | 1 |
_aMesa, Roberto. _980634 |
|
| 245 | 1 | 3 |
_aLa rebelión colonial / _cRoberto Mesa. |
| 260 |
_aMadrid : _bCuadernos para el Diálogo, _c1974. |
||
| 300 |
_a293 p. ; _c19 cm. |
||
| 490 | 1 |
_aEdiciones de bolsillo. Historia ; _v390 |
|
| 651 | 0 |
_aPaíses en desarrollo- _xPolítica y gobierno. _99183 |
|
| 710 | 2 |
_aCuadernos para el Diálogo. _93333 |
|
| 830 | 1 | 0 |
_aEdiciones de bolsillo. _pHistoria _v390 _9181166 |
| 852 |
_aES-MaACL _jE-6399 |
||
| 999 |
_c103767 _d103767 |
||